Statistics for Name a Valid Island Country

Click here to take the quiz!

General Stats

  • This quiz has been taken 25,806 times
    (25,785 since last reset)
  • The average score is 16 of 20

Answer Stats

Name an island country...Answer% Correct
that borders another countryBrunei | Dominican Republic | East Timor | Haiti |
Indonesia | Ireland | Papua New Guinea | United Kingdom
97%
in the Caribbean, but does not use English
as an official language
Cuba | Dominican Republic | Haiti
95%
in the Mediterranean SeaCyprus | Malta
94%
whose name ends in ESIAF. S. Micronesia | Indonesia
93%
whose name starts with some version
of the word "Saint"
St. Kitts and Nevis | St. Lucia |
St. Vincent and the Grenadines | São Tomé and Príncipe
92%
whose name starts with TTaiwan | Tonga | Trinidad and Tobago | Tuvalu
92%
with more than 100 million peopleIndonesia | Japan | Philippines
91%
where at least 50% of residents are MuslimsBahrain | Brunei | Comoros | Indonesia | Maldives
88%
with the word ISLANDS in its nameMarshall Islands | Solomon Islands
86%
considered to be an African nationCape Verde | Comoros | Madagascar | Mauritius |
São Tomé and Príncipe | Seychelles
79%
that uses Peso as its currencyCuba | Dominican Republic | Philippines
79%
with the Union Jack on its flagFiji | New Zealand | Tuvalu | United Kingdom
77%
entirely north of 60° NorthIceland
74%
with fewer than 50,000 peopleNauru | Palau | Tuvalu
71%
that has the Southern Cross in flagNew Zealand | Papua New Guinea | Samoa
70%
that uses a form of Creole as an official
or national language
Haiti | Mauritius | Papua New Guinea | Seychelles | Vanuatu
67%
that borders two or more oceansEast Timor | Indonesia
58%
with Portuguese as an official languageCape Verde | East Timor | São Tomé and Príncipe
58%
recognized by JetPunk but not the UNTaiwan
46%
with a GDP per capita above $70,000 (PPP, 2020)Singapore | Brunei | Ireland
45%

Score Distribution

Percentile by Number Answered

Percent of People with Each Score

Your Score History

You have not taken this quiz since the last reset